[Event "POL-ChT2"]
[Site "Katowice POL"]
[Date "2010.09.08"]
[Round "5"]
[White "Zezulkin, Jurij"]
[Black "Borgula, Rafal"]
[Result "1-0"]
[WhiteElo "2437"]
[BlackElo "2314"]
[EventDate "2010.09.04"]
[PlyCount "71"]

1.e4 c5 2.Nf3 d6 3.d4 cxd4 4.Nxd4 Nf6 5.Nc3 e5 6.Nf3 Be7 7.Bg5 O-O 8.Bxf6 
Bxf6 9.Nd5 Nc6 10.c3 Bg4 11.h3 Bxf3 12.Qxf3 Be7 13.h4 Kh8 14.Bd3 Qd7 15.
Bc2 Bd8 16.Rd1 b5 17.Ne3 b4 18.Nf5 bxc3 19.bxc3 Na5 20.Rxd6 Qb5 21.Qg3 g6 
22.Ne3 Qc5 23.Rd3 Rb8 24.h5 g5 25.O-O Rb2 26.h6 Rxa2 27.Rxd8 Rxd8 28.Qxg5 
Qf8 29.Qf6+ Kg8 30.Qg5+ Kh8 31.Qf6+ Kg8 32.Nf5 Re8 33.Qg5+ Kh8 34.Qf6+ Kg8
35.Rd1 Nb7 36.Rd3 1-0

[Event "POL-ChT2"]
[Site "Katowice POL"]
[Date "2010.09.08"]
[Round "5"]
[White "Krainski, Aleksander"]
[Black "Oliwa, Marek"]
[Result "0-1"]
[WhiteElo "2257"]
[BlackElo "2418"]
[EventDate "2010.09.04"]
[PlyCount "100"]

1.Nf3 Nf6 2.g3 d5 3.Bg2 Bg4 4.O-O Nbd7 5.c4 e6 6.b3 c6 7.Bb2 Bd6 8.d3 O-O 
9.Nbd2 Qe7 10.a3 a5 11.Qc2 Rfe8 12.h3 Bh5 13.Rfe1 Rec8 14.e4 dxe4 15.dxe4 
Bxf3 16.Nxf3 e5 17.Nh4 g6 18.Kh1 Nf8 19.Bc3 N6d7 20.Nf3 Ne6 21.h4 c5 22.
Bh3 Nd4 23.Bxd4 cxd4 24.Bxd7 Qxd7 25.a4 b5 26.axb5 Qxb5 27.Qd3 Qe8 28.Kg2 
Bb4 29.Rh1 h5 30.Ng5 Bc3 31.Ra2 f6 32.Nh3 a4 33.Rb1 Qe6 34.Ng1 axb3 35.
Rxa8 Rxa8 36.Rxb3 Rc8 37.Rb7 Qxc4 38.Qb1 Rc7 39.Rb8+ Kg7 40.Qb6 Qc6 41.Qb3
Rf7 42.Nf3 Ba5 43.Rb5 Bc7 44.Rd5 Bd6 45.Nd2 Bf8 46.Qd3 Qc3 47.Qe2 Qc2 48.
Kf1 Ra7 49.Nf3 Ra1+ 50.Ne1 Qc3 0-1

[Event "POL-ChT2"]
[Site "Katowice POL"]
[Date "2010.09.08"]
[Round "5"]
[White "Michna, Marta"]
[Black "Weglarz, Joanna"]
[Result "1-0"]
[WhiteElo "2399"]
[BlackElo "2037"]
[EventDate "2010.09.04"]
[PlyCount "71"]

1.Nf3 d5 2.d3 Nf6 3.Nbd2 Bf5 4.g3 c5 5.Bg2 Nc6 6.Nh4 Qd7 7.Nxf5 Qxf5 8.O-O
e5 9.e4 dxe4 10.dxe4 Qd7 11.c3 Na5 12.Qe2 Be7 13.Nf3 Nc6 14.Bg5 O-O 15.
Bxf6 Bxf6 16.Rfd1 Qc7 17.h4 Rfd8 18.Nh2 Rxd1+ 19.Rxd1 Rd8 20.Ng4 Rxd1+ 21.
Qxd1 Qd8 22.Qf3 Be7 23.Bf1 Qe8 24.Bc4 Bd6 25.h5 h6 26.Qd3 Bf8 27.Qd5 Qe7 
28.Kg2 Qc7 29.a4 Bd6 30.Qd1 Ne7 31.Ne3 Qb8 32.Qb3 Qe8 33.Qxb7 Qxa4 34.Qa8+
Kh7 35.Bxf7 Qc6 36.Bg6+ 1-0

[Event "POL-ChT2"]
[Site "Katowice POL"]
[Date "2010.09.08"]
[Round "5"]
[White "Staniszewski, Piotr"]
[Black "Talla, Vladimir"]
[Result "1/2-1/2"]
[WhiteElo "2404"]
[BlackElo "2456"]
[EventDate "2010.09.04"]
[PlyCount "166"]

1.d4 Nf6 2.c4 g6 3.Nc3 Bg7 4.e4 d6 5.Be2 O-O 6.Nf3 e5 7.Be3 Ng4 8.Bg5 f6 
9.Bc1 exd4 10.Nxd4 f5 11.O-O Nc6 12.Nxc6 bxc6 13.exf5 gxf5 14.h3 Ne5 15.f4
Ng6 16.Bf3 Bd7 17.g3 Re8 18.Qd3 Rb8 19.Rb1 a5 20.Be3 c5 21.Bf2 Ne7 22.Nb5 
a4 23.Rfe1 Kh8 24.b3 axb3 25.axb3 Nc6 26.Rxe8+ Bxe8 27.Re1 Ne7 28.Bxc5 
dxc5 29.Qxd8 Rxd8 30.Rxe7 c6 31.Nc7 Bd7 32.Ne6 Bxe6 33.Rxe6 Bb2 34.Rxc6 
Rd3 35.Kg2 Bd4 36.Bd5 Rxb3 37.g4 Kg7 38.Rc7+ Kg6 39.Rc6+ Kg7 40.Rc7+ Kg6 
41.Bf7+ Kf6 42.g5+ Kg7 43.Be6+ Kg6 44.Bd7 Rb2+ 45.Kf3 Rb3+ 46.Ke2 Re3+ 47.
Kd2 Re4 48.Rc6+ Kg7 49.Bxf5 Rxf4 50.Rc7+ Kf8 51.Bxh7 Rf2+ 52.Ke1 Rf3 53.g6
Re3+ 54.Kf1 Re7 55.Rc6 Kg7 56.Kg2 Be3 57.h4 Bd4 58.Kf3 Re3+ 59.Kf4 Re7 60.
Rc8 Kh6 61.Rd8 Kg7 62.Rd5 Be3+ 63.Kf5 Bd4 64.h5 Re8 65.Rd7+ Kh6 66.Bg8 
Re5+ 67.Kf4 Rxh5 68.Bf7 Rh4+ 69.Kf5 Rh5+ 70.Ke6 Re5+ 71.Kd6 Re1 72.Rb7 Re3
73.Rb5 Kg7 74.Rxc5 Bxc5+ 75.Kxc5 Re1 76.Kc6 Kf6 77.c5 Ke7 78.Kc7 Rg1 79.c6
Rc1 80.Kb7 Rc2 81.c7 Kd7 82.g7 Rxc7+ 83.Kb6 Rc8 1/2-1/2

[Event "POL-ChT2"]
[Site "Katowice POL"]
[Date "2010.09.08"]
[Round "5"]
[White "Zawadzki, Stanislaw"]
[Black "Janaszak, Dawid"]
[Result "1-0"]
[WhiteElo "2412"]
[BlackElo "2318"]
[EventDate "2010.09.04"]
[PlyCount "52"]

1.c4 Nf6 2.Nc3 c5 3.Nf3 g6 4.g3 Nc6 5.Bg2 Bg7 6.O-O O-O 7.d4 cxd4 8.Nxd4 
Nxd4 9.Qxd4 d6 10.Qd2 Be6 11.Bxb7 Rb8 12.Bd5 Nxd5 13.Nxd5 Qd7 14.e4 f5 15.
Re1 Kh8 16.a4 f4 17.Nxf4 Bxc4 18.Ra3 Rb7 19.b4 e5 20.Ng2 Rfb8 21.b5 a6 22.
bxa6 Bxa6 23.a5 Rb4 24.Rc3 Qb5 25.Qxd6 Qxa5 26.Ra3 Qd8 1-0

[Event "POL-ChT2"]
[Site "Katowice POL"]
[Date "2010.09.08"]
[Round "5"]
[White "Dudzinski, Piotr"]
[Black "Bulski, Krzysztof"]
[Result "1/2-1/2"]
[WhiteElo "2318"]
[BlackElo "2459"]
[EventDate "2010.09.04"]
[PlyCount "147"]

1.e4 e5 2.Nf3 Nc6 3.Bc4 Nf6 4.d3 Be7 5.O-O O-O 6.Bb3 d6 7.h3 Na5 8.Ba4 c5 
9.c3 a6 10.Bc2 Nc6 11.d4 cxd4 12.cxd4 exd4 13.Nxd4 Nb4 14.Nc3 Nxc2 15.Qxc2
Bd7 16.Bf4 Rc8 17.Qb3 b5 18.Rad1 Rc4 19.a4 Qb6 20.axb5 axb5 21.Ncxb5 d5 
22.Nc3 Rb4 23.Qa3 Bc5 24.Nde2 Rxb2 25.Qa1 dxe4 26.Rxd7 Nxd7 27.Na4 Ra8 28.
Qxb2 Rxa4 29.Qc2 Rb4 30.Nc3 Rc4 31.Qd1 Qe6 32.Ne2 h6 33.Be3 Bd6 34.Qb3 Nc5
35.Bxc5 Bxc5 36.Nf4 Qc6 37.Rd1 Bd4 38.Qb8+ Kh7 39.Ne2 Bf6 40.Qf4 Qe6 41.
Ng3 Be5 42.Qf5+ Qxf5 43.Nxf5 Ra4 44.g4 g6 45.Ne3 Bd4 46.Nd5 Kg7 47.Kg2 Bc5
48.Rd2 Bd4 49.Re2 Be5 50.Ne3 Kf6 51.f3 exf3+ 52.Kxf3 Ra3 53.Ke4 Bb8 54.
Rf2+ Ke6 55.Nc2 Ra4+ 56.Kd3 Be5 57.Rf3 Bf4 58.Rf1 Be5 59.Rb1 Kf6 60.Rf1+ 
Ke6 61.Rb1 Kf6 62.Rf1+ Kg5 63.Rxf7 Kh4 64.Rf3 Bg3 65.Rf6 Kxh3 66.Rxg6 Bf4 
67.Nd4 Bg5 68.Nf5 Kxg4 69.Nxh6+ Kh4 70.Rxg5 Kxg5 71.Nf7+ Kf4 72.Nd6 Ra8 
73.Kd4 Rh8 74.Kd5 1/2-1/2

[Event "POL-ChT2"]
[Site "Katowice POL"]
[Date "2010.09.08"]
[Round "5"]
[White "Pieniazek, Artur"]
[Black "Dudzinski, Pawel"]
[Result "1/2-1/2"]
[WhiteElo "2374"]
[BlackElo "2275"]
[EventDate "2010.09.04"]
[PlyCount "74"]

1.d4 f5 2.Nf3 Nf6 3.c4 g6 4.g3 Bg7 5.Bg2 d6 6.Nc3 O-O 7.O-O Qe8 8.d5 a5 9.
Rb1 Bd7 10.b3 Na6 11.Bb2 Nc5 12.Qc2 c6 13.Rbd1 Rc8 14.Nd4 Qf7 15.e3 Nfe4 
16.Ne6 Nxe6 17.dxe6 Bxe6 18.Nxe4 fxe4 19.Bxg7 Qxg7 20.Qxe4 Bd7 21.Qd4 Qxd4
22.exd4 g5 23.Rde1 Rf7 24.c5 h6 25.a3 b6 26.b4 axb4 27.axb4 bxc5 28.bxc5 
Kf8 29.Ra1 Bg4 30.Rfc1 Bf3 31.Ra6 Bxg2 32.Kxg2 e5 33.Rca1 Rcc7 34.Ra8+ Ke7
35.R1a7 Rxa7 36.Rxa7+ Kf8 37.Ra8+ Kg7 1/2-1/2

[Event "POL-ChT2"]
[Site "Katowice POL"]
[Date "2010.09.08"]
[Round "5"]
[White "Wlodarczyk, Oskar"]
[Black "Dobrowolski, Aleksander"]
[Result "0-1"]
[WhiteElo "2318"]
[BlackElo "2328"]
[EventDate "2010.09.04"]
[PlyCount "74"]

1.e4 c5 2.Nf3 Nc6 3.d3 g6 4.g3 Bg7 5.Bg2 d6 6.c3 e5 7.O-O Nge7 8.Nbd2 O-O 
9.a3 a5 10.a4 h6 11.Nc4 Be6 12.Qe2 f5 13.exf5 gxf5 14.Bd2 Ng6 15.h4 d5 16.
Ncxe5 Ngxe5 17.Nxe5 Nxe5 18.f4 Nxd3 19.Qxe6+ Kh8 20.Rab1 Ra6 21.Qxd5 Rd6 
22.Qxb7 Nxb2 23.Be1 Nxa4 24.Qb3 Rb6 25.Qc2 Rxb1 26.Qxb1 Nxc3 27.Qc2 Nd1 
28.Bd2 Qd4+ 29.Kh2 Nf2 30.Bf3 a4 31.Bc1 Nd3 32.Rd1 c4 33.Ba3 Rg8 34.Qe2 
Bf6 35.Rd2 Bxh4 36.Bb2 Bxg3+ 37.Kh3 Nxf4# 0-1

[Event "POL-ChT2"]
[Site "Katowice POL"]
[Date "2010.09.08"]
[Round "5"]
[White "Zmarzly, Aleksandra"]
[Black "Magnucka, Milena"]
[Result "1-0"]
[WhiteElo "2063"]
[BlackElo "2061"]
[EventDate "2010.09.04"]
[PlyCount "79"]

1.e4 d6 2.d4 Nf6 3.Nc3 g6 4.f4 Bg7 5.Nf3 c5 6.dxc5 Qa5 7.Bd3 Qxc5 8.Qe2 
O-O 9.Be3 Qa5 10.O-O Bg4 11.h3 Bxf3 12.Qxf3 Nc6 13.a3 a6 14.Kh1 b5 15.e5 
Nxe5 16.fxe5 dxe5 17.Bg5 Rae8 18.Bxf6 Bxf6 19.Ne4 Bg7 20.Ng5 Qc7 21.h4 h6 
22.Nxf7 e6 23.Bxg6 Re7 24.Qg4 Rfxf7 25.Bxf7+ Rxf7 26.Qxe6 Qe7 27.Qg4 Kh8 
28.Rxf7 Qxf7 29.Rd1 h5 30.Qg5 Kh7 31.Qe3 Qe6 32.Qe4+ Kh6 33.b3 Bf6 34.a4 
Qe7 35.g3 Qe6 36.Kg2 Qb6 37.Rd7 Bg7 38.Qf5 Qc6+ 39.Kf2 e4 40.Qg5+ 1-0

[Event "POL-ChT2"]
[Site "Katowice POL"]
[Date "2010.09.08"]
[Round "5"]
[White "Czyz, Artur"]
[Black "Gritsak, Orest"]
[Result "0-1"]
[WhiteElo "2088"]
[BlackElo "2521"]
[EventDate "2010.09.04"]
[PlyCount "74"]

1.e4 c5 2.Nf3 d6 3.d4 cxd4 4.Nxd4 Nf6 5.Nc3 e6 6.Be2 Be7 7.Be3 a6 8.a4 Nc6
9.O-O O-O 10.f4 Qc7 11.Qe1 d5 12.e5 Nd7 13.Rf3 Bc5 14.Nxc6 Bxe3+ 15.Rxe3 
bxc6 16.Rh3 Qd8 17.Bd3 g6 18.Qg3 f5 19.Rh6 Rf7 20.Rxg6+ hxg6 21.Qxg6+ Kf8 
22.Qxe6 Nc5 23.Qxc6 Nxd3 24.Nxd5 Bb7 25.Qh6+ Kg8 26.e6 Bxd5 27.exf7+ Kxf7 
28.Qh7+ Ke8 29.Qg6+ Kd7 30.Qg7+ Kd6 31.cxd3 Qe8 32.Qe5+ Qxe5 33.fxe5+ Kxe5
34.g3 f4 35.Rc1 Kd4 36.Rc3 fxg3 37.hxg3 Rb8 0-1

[Event "POL-ChT2"]
[Site "Katowice POL"]
[Date "2010.09.08"]
[Round "5"]
[White "Stoma, Pawel"]
[Black "Kalvaitis, Sigitas"]
[Result "1-0"]
[WhiteElo "2308"]
[BlackElo "2316"]
[EventDate "2010.09.04"]
[PlyCount "187"]

1.e4 e5 2.Nf3 Nf6 3.Nxe5 d6 4.Nf3 Nxe4 5.d3 Nf6 6.d4 Be7 7.Bd3 O-O 8.O-O 
Bg4 9.c3 Nbd7 10.Bg5 Nd5 11.Bd2 N5f6 12.Bg5 Nd5 13.Bd2 N5f6 14.Re1 Re8 15.
Bg5 Nd5 16.Bd2 N5f6 17.Bg5 Nd5 18.Bd2 N5f6 19.Na3 c6 20.Nc4 Nd5 21.h3 Be6 
22.Qc2 Nf8 23.b4 h6 24.Na5 Qb6 25.Rab1 c5 26.bxc5 Qxa5 27.c4 Qc7 28.cxd5 
Bxd5 29.Be4 Qc6 30.Bxd5 Qxd5 31.Qb3 Qxb3 32.Rxb3 dxc5 33.Rxb7 Bd6 34.Rxe8 
Rxe8 35.Rxa7 cxd4 36.Nxd4 Bc5 37.Ra4 Re4 38.Bc3 Kh7 39.Ra8 Bxd4 40.Bxd4 
Rxd4 41.Rxf8 Ra4 42.Rxf7 Rxa2 43.g3 Kg6 44.Rb7 Ra3 45.Kg2 Kf6 46.Rb6+ Kf7 
47.g4 Rc3 48.f3 Ra3 49.Kg3 Rc3 50.h4 Ra3 51.h5 Ra4 52.Rb7+ Kf6 53.Rb5 Kf7 
54.Rf5+ Kg8 55.Rf4 Ra8 56.Rd4 Kf7 57.Kf4 Ra5 58.Ke4 Ra1 59.Ke5 Ra5+ 60.Rd5
Ra7 61.Rc5 Kg8 62.f4 Re7+ 63.Kf5 Rf7+ 64.Ke4 Re7+ 65.Re5 Ra7 66.Re8+ Kf7 
67.Rd8 Ra4+ 68.Ke5 Ra5+ 69.Rd5 Ra1 70.Kf5 Rb1 71.Rd7+ Kg8 72.Rd4 Rb5+ 73.
Ke4 Rb1 74.g5 hxg5 75.fxg5 Kh7 76.Kf5 Rf1+ 77.Ke6 Re1+ 78.Kf5 Rf1+ 79.Rf4 
Rh1 80.Re4 Rxh5 81.Re8 g6+ 82.Kf6 Rh1 83.Re7+ Kg8 84.Kxg6 Kf8 85.Rf7+ Kg8 
86.Ra7 Kf8 87.Ra8+ Ke7 88.Kg7 Rg1 89.g6 Rg2 90.Ra1 Re2 91.Rf1 Ke8 92.Kg8 
Ke7 93.g7 Re3 94.Rh1 1-0

[Event "POL-ChT2"]
[Site "Katowice POL"]
[Date "2010.09.08"]
[Round "5"]
[White "Piesik, Piotr"]
[Black "Praszak, Michal"]
[Result "1/2-1/2"]
[WhiteElo "2237"]
[BlackElo "2215"]
[EventDate "2010.09.04"]
[PlyCount "142"]

1.Nf3 c5 2.e4 d6 3.Bb5+ Bd7 4.Bxd7+ Qxd7 5.O-O Nc6 6.c3 Nf6 7.Qe2 g6 8.d4 
cxd4 9.cxd4 d5 10.e5 Ne4 11.Nbd2 Nxd2 12.Bxd2 Bg7 13.Rfe1 e6 14.b4 a6 15.
a4 Qd8 16.b5 Na5 17.Bb4 Bf8 18.Bxf8 Kxf8 19.Nd2 Kg7 20.Qd3 axb5 21.Qxb5 
Qe8 22.Rec1 Qxb5 23.axb5 b6 24.Kf1 Rhc8 25.Ke2 Kf8 26.g4 h6 27.h4 Ke7 28.
Kd3 Kd7 29.Rh1 Rc7 30.Rac1 Nc4 31.Nxc4 dxc4+ 32.Ke4 Ra5 33.h5 g5 34.f4 
gxf4 35.Kxf4 Rxb5 36.g5 hxg5+ 37.Kxg5 Rb2 38.h6 Rg2+ 39.Kf6 Rf2+ 40.Kg5 
Rf5+ 41.Kg4 Rc8 42.h7 Rh8 43.Rxc4 Ke7 44.Rh6 Kd7 45.Rc1 Rf2 46.Rg1 Ke7 47.
Ra1 Rd2 48.Ra7+ Kf8 49.Rd7 b5 50.Kf3 b4 51.Ke3 Rg2 52.Rb7 b3 53.Rh3 b2 54.
Kd3 Kg7 55.Rf3 Rf8 56.Kc3 Rc8+ 57.Kd3 Rc7 58.Rb8 Kxh7 59.Rf1 Kg7 60.Rb1 
Rcc2 61.Rb3 Kg6 62.Rb7 Rcd2+ 63.Kc3 Rc2+ 64.Kd3 Kg7 65.Rf1 Rcf2 66.Rxf2 
Rxf2 67.Kc3 Kg6 68.Rxb2 Rxb2 69.Kxb2 Kf5 70.Kc3 Kf4 71.Kc4 Ke4 1/2-1/2

[Event "POL-ChT2"]
[Site "Katowice POL"]
[Date "2010.09.08"]
[Round "5"]
[White "Miroslaw, Michal"]
[Black "Swicarz, Maciej"]
[Result "1-0"]
[WhiteElo "2291"]
[BlackElo "2306"]
[EventDate "2010.09.04"]
[PlyCount "76"]

1.e4 e6 2.d4 d5 3.Nd2 a6 4.Ngf3 Nf6 5.Bd3 c5 6.e5 Nfd7 7.c3 Nc6 8.O-O Qb6 
9.dxc5 Qc7 10.Nb3 Ncxe5 11.Nxe5 Qxe5 12.Re1 Qc7 13.Qf3 Nxc5 14.Qxd5 Be7 
15.Qf3 Nxd3 16.Qxd3 O-O 17.Qf3 e5 18.Qg3 Rd8 19.Bh6 Bf6 20.Bg5 Bxg5 21.
Qxg5 f6 22.Qe3 Be6 23.Nc5 Bf7 24.Rad1 Rac8 25.Nb3 Qc6 26.Rd3 Rxd3 27.Qxd3 
Bc4 28.Qc2 Qa4 29.Qf5 Rd8 30.Nc5 Qb5 31.b4 Bxa2 32.h4 a5 33.Ra1 axb4 34.
cxb4 Bd5 35.Rd1 Qc6 36.h5 b6 37.Ne4 Ra8 38.Ng3 Bxg2 1-0

[Event "POL-ChT2"]
[Site "Katowice POL"]
[Date "2010.09.08"]
[Round "5"]
[White "Cajbel, Maciej"]
[Black "Wojcieszyn, Jacenty"]
[Result "1-0"]
[WhiteElo "2221"]
[BlackElo "2294"]
[EventDate "2010.09.04"]
[PlyCount "53"]

1.e4 c5 2.Nc3 Nc6 3.Bb5 Nd4 4.Bc4 g6 5.Nf3 Bg7 6.Nxd4 cxd4 7.Qf3 Nf6 8.Ne2
O-O 9.d3 Ng4 10.Bb3 d6 11.Qg3 a5 12.a4 Qb6 13.h4 h5 14.Nf4 Kh7 15.Nd5 Qd8 
16.f3 Ne5 17.Bg5 f6 18.Bd2 Bd7 19.Qf2 f5 20.Bg5 Re8 21.exf5 Bxf5 22.Nf4 
Bf6 23.g4 hxg4 24.h5 Bxg5 25.hxg6+ Kg7 26.Rh7+ Kf6 27.fxg4 1-0

[Event "POL-ChT2"]
[Site "Katowice POL"]
[Date "2010.09.08"]
[Round "5"]
[White "Toma, Katarzyna"]
[Black "Cagara, Paulina"]
[Result "1-0"]
[WhiteElo "2245"]
[BlackElo "2070"]
[EventDate "2010.09.04"]
[PlyCount "65"]

1.e4 c6 2.d4 d5 3.Nd2 dxe4 4.Nxe4 Bf5 5.Ng3 Bg6 6.Nf3 Nd7 7.Bd3 e6 8.O-O 
Ngf6 9.b3 Be7 10.c4 O-O 11.Bxg6 hxg6 12.Bb2 Qc7 13.Qe2 Rfd8 14.Rfd1 Nf8 
15.Rd3 c5 16.Rad1 cxd4 17.Bxd4 Bc5 18.Bxc5 Rxd3 19.Qxd3 Qxc5 20.Ne4 Qc6 
21.Nd6 N8d7 22.Ng5 Ne5 23.Qe2 Nfd7 24.f4 f6 25.Nxe6 Nf7 26.Nxf7 Kxf7 27.
Nd4 Qb6 28.Qe4 Qd6 29.Qxb7 Rd8 30.Rd2 Qxf4 31.Qd5+ Ke8 32.Re2+ Ne5 33.
Qxd8+ 1-0

[Event "POL-ChT2"]
[Site "Katowice POL"]
[Date "2010.09.09"]
[Round "6"]
[White "Jedynak, Radoslaw"]
[Black "Gritsak, Orest"]
[Result "0-1"]
[WhiteElo "2492"]
[BlackElo "2521"]
[EventDate "2010.09.04"]
[PlyCount "68"]

1.d4 Nf6 2.c4 c5 3.Nf3 cxd4 4.Nxd4 a6 5.Nc3 d5 6.cxd5 Nxd5 7.Bd2 e5 8.Nc2 
Nc6 9.g3 Be6 10.Bg2 Nxc3 11.Bxc3 Qxd1+ 12.Rxd1 Bxa2 13.Bxc6+ bxc6 14.Bxe5 
Bb3 15.Rd2 Rd8 16.Rxd8+ Kxd8 17.Kd2 f6 18.Bd4 Kc7 19.Kc3 Ba4 20.Be3 Bd6 
21.Ra1 Bb5 22.Nd4 Kb7 23.Nxb5 cxb5 24.Kb3 Re8 25.Rd1 Re6 26.Ra1 f5 27.Rd1 
g6 28.Bf4 Bxf4 29.gxf4 Rxe2 30.Rd7+ Kc6 31.Rxh7 Rxf2 32.Rh6 Rg2 33.h4 Rg3+
34.Kb4 Kb6 0-1

[Event "POL-ChT2"]
[Site "Katowice POL"]
[Date "2010.09.09"]
[Round "6"]
[White "Stoma, Pawel"]
[Black "Shkapenko, Pavel"]
[Result "1/2-1/2"]
[WhiteElo "2308"]
[BlackElo "2426"]
[EventDate "2010.09.04"]
[PlyCount "81"]

1.e4 e5 2.Nf3 Nc6 3.Bb5 Bc5 4.c3 Nf6 5.d3 d6 6.Nbd2 a6 7.Ba4 Ba7 8.Nf1 b5 
9.Bb3 d5 10.Qe2 O-O 11.Ng3 h6 12.O-O Be6 13.Be3 d4 14.cxd4 Nxd4 15.Nxd4 
Bxd4 16.Rac1 c5 17.Rc2 Rc8 18.Rfc1 Qd7 19.Bxd4 Qxd4 20.Bxe6 fxe6 21.a3 
Rfd8 22.Rc3 Rc6 23.h3 Rdc8 24.b3 Qd6 25.Qc2 Nd7 26.Kh2 Nb6 27.Qe2 Kh7 28.
Nh5 Qe7 29.Rf1 Rf8 30.Qe3 Nd7 31.b4 g6 32.Ng3 Qd6 33.Rfc1 Rfc8 34.Ne2 cxb4
35.Rxc6 Rxc6 36.Rxc6 Qxc6 37.axb4 Qb6 38.Nc1 Qxe3 39.fxe3 Nb8 40.Kg3 Nc6 
41.Na2 1/2-1/2

[Event "POL-ChT2"]
[Site "Katowice POL"]
[Date "2010.09.09"]
[Round "6"]
[White "Slaby, Jerzy"]
[Black "Ksieski, Zbigniew"]
[Result "1-0"]
[WhiteElo "2477"]
[BlackElo "2359"]
[EventDate "2010.09.04"]
[PlyCount "101"]

1.Nf3 c5 2.g3 Nc6 3.Bg2 g6 4.O-O Bg7 5.e4 Nf6 6.Re1 O-O 7.c3 d6 8.h3 e5 9.
d3 h6 10.a3 Re8 11.b4 a6 12.Nbd2 Be6 13.Bb2 Nd7 14.Nc4 Nb6 15.Ne3 cxb4 16.
axb4 d5 17.exd5 Nxd5 18.Nxd5 Bxd5 19.Qa4 Rc8 20.b5 axb5 21.Qxb5 Be6 22.Re3
Bd7 23.Qb3 b5 24.Nd2 Rb8 25.Ra6 Be6 26.Qc2 Rb6 27.Ra1 Qc8 28.Kh2 Nd4 29.
Qd1 Nf5 30.Re2 Rd8 31.Ne4 Qc7 32.Ba3 Bd5 33.Bb4 Rbb8 34.Ba5 Qc6 35.Bxd8 
Rxd8 36.Rc1 Qb6 37.Qc2 Bc6 38.Rd1 Ne7 39.Rde1 f5 40.Nd2 Bxg2 41.Kxg2 Qc6+ 
42.Kh2 Kh7 43.c4 Nc8 44.Qb3 Nd6 45.Qb4 bxc4 46.Nxc4 Nf7 47.Nxe5 Bxe5 48.
Rxe5 Qf3 49.Kg1 f4 50.Re7 Rf8 51.Qe4 1-0

[Event "POL-ChT2"]
[Site "Katowice POL"]
[Date "2010.09.09"]
[Round "6"]
[White "Miroslaw, Michal"]
[Black "Skalski, Michal"]
[Result "1/2-1/2"]
[WhiteElo "2291"]
[BlackElo "2447"]
[EventDate "2010.09.04"]
[PlyCount "62"]

1.e4 c5 2.Nf3 d6 3.d4 cxd4 4.Nxd4 Nf6 5.Nc3 a6 6.Bd3 e5 7.Nde2 Be7 8.O-O 
O-O 9.f4 Nbd7 10.Kh1 Nc5 11.Ng3 b5 12.Be3 b4 13.Nd5 Nxd5 14.exd5 Nxd3 15.
Qxd3 a5 16.c4 bxc3 17.Qxc3 Ba6 18.Rf2 Rc8 19.Qa3 Re8 20.Rd1 Bh4 21.fxe5 
Bxg3 22.hxg3 Rxe5 23.Bf4 Rh5+ 24.Kg1 Bb7 25.Qxd6 Qxd6 26.Bxd6 Rxd5 27.Rxd5
Bxd5 28.Rd2 Be6 29.b4 axb4 30.Bxb4 f6 31.Kf2 Kf7 1/2-1/2

[Event "POL-ChT2"]
[Site "Katowice POL"]
[Date "2010.09.09"]
[Round "6"]
[White "Kuzmicz, Krystian"]
[Black "Panas, Pawel"]
[Result "1-0"]
[WhiteElo "2407"]
[BlackElo "2194"]
[EventDate "2010.09.04"]
[PlyCount "81"]

1.g3 f5 2.Bg2 Nf6 3.c4 e6 4.Nf3 d5 5.O-O c6 6.Qc2 Bd6 7.d3 O-O 8.Nc3 Nbd7 
9.e4 fxe4 10.dxe4 dxc4 11.Qe2 e5 12.Qxc4+ Kh8 13.Rd1 Qe7 14.Qd3 Bc7 15.b3 
Nb6 16.a4 Rd8 17.Qc2 Rxd1+ 18.Nxd1 Be6 19.a5 Nbd7 20.a6 bxa6 21.Qxc6 Nb6 
22.Rxa6 Rd8 23.Ne3 Bb8 24.Ba3 Qd7 25.Qxd7 Rxd7 26.Bc5 Rb7 27.Nd2 Bf7 28.
Bf1 Nbd7 29.b4 Nb6 30.Bb5 Nbd7 31.Bc4 Bxc4 32.Nexc4 Nxc5 33.bxc5 Rc7 34.c6
Rc8 35.Ne3 Ne8 36.Nd5 Nc7 37.Nxc7 Rxc7 38.Nc4 Rc8 39.Ne3 Bd6 40.Rxa7 Bc5 
41.Rd7 1-0

[Event "POL-ChT2"]
[Site "Katowice POL"]
[Date "2010.09.09"]
[Round "6"]
[White "Toma, Katarzyna"]
[Black "Gasik, Anna"]
[Result "1/2-1/2"]
[WhiteElo "2245"]
[BlackElo "2203"]
[EventDate "2010.09.04"]
[PlyCount "44"]

1.e4 c6 2.d4 d5 3.Nd2 dxe4 4.Nxe4 Nf6 5.Nxf6+ gxf6 6.c3 Qd5 7.Qf3 Bf5 8.c4
Qxf3 9.Nxf3 Nd7 10.Be2 e5 11.Be3 Bb4+ 12.Kf1 a5 13.Nh4 Bg6 14.Rd1 Bc2 15.
Rc1 Bg6 16.Nxg6 hxg6 17.g3 exd4 18.Bxd4 Bc5 19.Bc3 Bb4 20.Bd4 Bc5 21.Bc3 
Bb4 22.Bd4 Bc5 1/2-1/2

[Event "POL-ChT2"]
[Site "Katowice POL"]
[Date "2010.09.09"]
[Round "6"]
[White "Talla, Vladimir"]
[Black "Czyz, Artur"]
[Result "1-0"]
[WhiteElo "2456"]
[BlackElo "2088"]
[EventDate "2010.09.04"]
[PlyCount "48"]

1.e4 e5 2.Nf3 Nf6 3.Nxe5 d6 4.Nf3 Nxe4 5.Nc3 Nxc3 6.dxc3 Nc6 7.Be3 Be6 8.
Qd2 Qd7 9.O-O-O Be7 10.Kb1 Bf6 11.Nd4 Nxd4 12.Bxd4 Bxd4 13.Qxd4 O-O 14.h4 
Qc6 15.Bd3 Rae8 16.c4 Re7 17.h5 h6 18.b3 d5 19.cxd5 Bxd5 20.f3 Rd7 21.Qxa7
b6 22.Qa3 Re8 23.Qb2 b5 24.Rhe1 Rdd8 {[nieczyt.]} 1-0

[Event "POL-ChT2"]
[Site "Katowice POL"]
[Date "2010.09.09"]
[Round "6"]
[White "Kalvaitis, Sigitas"]
[Black "Zawadzki, Stanislaw"]
[Result "1-0"]
[WhiteElo "2316"]
[BlackElo "2412"]
[EventDate "2010.09.04"]
[PlyCount "103"]

1.e4 e6 2.d4 d5 3.Nc3 Bb4 4.e5 c5 5.a3 Bxc3+ 6.bxc3 Ne7 7.Qg4 O-O 8.Bd3 f5
9.exf6 Rxf6 10.Bg5 Rf7 11.Qh5 g6 12.Qd1 e5 13.dxe5 Nbc6 14.Bf6 Qc7 15.f4 
c4 16.Be2 Qb6 17.g4 Qe3 18.Qd2 Qc5 19.h4 d4 20.h5 gxh5 21.f5 Nd5 22.Qg5+ 
Kf8 23.Qh6+ Ke8 24.Bh8 d3 25.e6 Rf8 26.Bg7 dxe2 27.Bxf8 Qxf8 28.Qxh5+ Kd8 
29.Nxe2 Nf6 30.Qh2 Qg7 31.Rd1+ Ke8 32.Qh4 Ne5 33.Qg3 Nfxg4 34.Nf4 b6 35.
Nd5 Bb7 36.f6 Qg6 37.Nc7+ Kf8 38.Rd8+ Rxd8 39.e7+ Kf7 40.exd8=Q Nf3+ 41.
Qxf3 Bxf3 42.Qe7+ Kg8 43.f7+ Qxf7 44.Qxf7+ Kxf7 45.Rxh7+ Kg6 46.Rd7 Nf6 
47.Rd4 Be4 48.Ne8 Nd5 49.Rxe4 Kf7 50.Rxc4 Kxe8 51.Rc8+ Kd7 52.Ra8 1-0

[Event "POL-ChT2"]
[Site "Katowice POL"]
[Date "2010.09.09"]
[Round "6"]
[White "Bulski, Krzysztof"]
[Black "Piesik, Piotr"]
[Result "1-0"]
[WhiteElo "2459"]
[BlackElo "2237"]
[EventDate "2010.09.04"]
[PlyCount "67"]

1.e4 e5 2.Nf3 Nc6 3.Bb5 Nf6 4.Qe2 Be7 5.c3 d6 6.h3 Bd7 7.d4 a6 8.Ba4 O-O 
9.Bb3 Na5 10.dxe5 dxe5 11.Nxe5 Bb5 12.c4 Qd4 13.Nf3 Bb4+ 14.Bd2 Qxb2 15.
Bxb4 Qxa1 16.O-O Nxb3 17.axb3 c5 18.Bc3 Bxc4 19.bxc4 Qa4 20.Bxf6 gxf6 21.
Nc3 Qc6 22.Nd5 Rfe8 23.Nh4 Kh8 24.Nf5 Re6 25.Qg4 Rg8 26.Qxg8+ Kxg8 27.
Nfe7+ Kf8 28.Nxc6 Rxc6 29.Rb1 b5 30.cxb5 axb5 31.Rxb5 c4 32.Rb8+ Kg7 33.
Ne7 c3 34.Nf5+ 1-0

[Event "POL-ChT2"]
[Site "Katowice POL"]
[Date "2010.09.09"]
[Round "6"]
[White "Swicarz, Maciej"]
[Black "Pieniazek, Artur"]
[Result "1-0"]
[WhiteElo "2306"]
[BlackElo "2374"]
[EventDate "2010.09.04"]
[PlyCount "93"]

1.d4 Nf6 2.c4 e6 3.Nf3 b6 4.g3 Ba6 5.Qb3 c6 6.Nc3 d5 7.cxd5 Nxd5 8.e4 Bxf1
9.Kxf1 Nxc3 10.Qxc3 Be7 11.Bf4 O-O 12.Bxb8 Qxb8 13.Qxc6 Rc8 14.Qa4 Qb7 15.
Re1 b5 16.Qb3 Rc4 17.Qd3 Ra4 18.Ra1 Qa6 19.Kg2 Rb8 20.a3 Bf6 21.Rhc1 Rc4 
22.Rxc4 bxc4 23.Qe2 Qb6 24.Rc1 Bxd4 25.Nxd4 Qxd4 26.Qxc4 Qxc4 27.Rxc4 a5 
28.b4 axb4 29.axb4 g5 30.Kf3 Kg7 31.Ke3 Rb5 32.h3 Kg6 33.Kd3 f5 34.exf5+ 
Rxf5 35.Rc2 Kf6 36.Rd2 Ke7 37.Kc4 Rf8 38.b5 Rc8+ 39.Kb4 Rb8 40.Kc5 Rc8+ 
41.Kb6 Rc1 42.Kb7 Rh1 43.b6 Rxh3 44.Kc8 Rh1 45.Rd7+ Kf6 46.b7 Rb1 47.Rxh7 
1-0

[Event "POL-ChT2"]
[Site "Katowice POL"]
[Date "2010.09.09"]
[Round "6"]
[White "Dobrowolski, Aleksander"]
[Black "Cajbel, Maciej"]
[Result "1/2-1/2"]
[WhiteElo "2328"]
[BlackElo "2221"]
[EventDate "2010.09.04"]
[PlyCount "70"]

1.e4 c5 2.Nf3 d6 3.d4 cxd4 4.Nxd4 Nf6 5.Nc3 a6 6.Be2 e5 7.Nb3 Be7 8.O-O 
O-O 9.Kh1 b6 10.Be3 Bb7 11.f3 b5 12.a4 b4 13.Nd5 Nxd5 14.exd5 Nd7 15.c4 
bxc3 16.bxc3 Bg5 17.Bg1 Qc7 18.c4 a5 19.Rb1 Ba6 20.c5 Bxe2 21.Qxe2 dxc5 
22.Qb5 Rfb8 23.Qc6 Rc8 24.Nxc5 Qxc6 25.dxc6 Nxc5 26.Bxc5 Rxc6 27.Rb5 f5 
28.Bf2 Bf6 29.Bg3 f4 30.Be1 Rc1 31.Kg1 e4 32.fxe4 Bd4+ 33.Bf2 Bxf2+ 34.
Kxf2 Rc4 35.Kf3 Rxa4 1/2-1/2

[Event "POL-ChT2"]
[Site "Katowice POL"]
[Date "2010.09.09"]
[Round "6"]
[White "Hermanowicz, Dominika"]
[Black "Zmarzly, Aleksandra"]
[Result "1/2-1/2"]
[WhiteElo "2078"]
[BlackElo "2063"]
[EventDate "2010.09.04"]
[PlyCount "74"]

1.e4 c5 2.Nf3 d6 3.d4 cxd4 4.Nxd4 Nf6 5.Nc3 e6 6.Be2 Be7 7.O-O O-O 8.f4 
Nc6 9.Be3 a6 10.a4 Qc7 11.Kh1 Re8 12.Bf3 Na5 13.Nb3 Nc4 14.Bc1 Rb8 15.a5 
Nd7 16.Qd3 b5 17.axb6 Ndxb6 18.Be2 Bb7 19.Nd4 e5 20.Nf5 exf4 21.Rxf4 Bf8 
22.Qg3 Ne5 23.Rh4 Ng6 24.Rh3 Nd7 25.Be3 Nf6 26.Bd4 Nxe4 27.Qg4 Ne5 28.Qh4 
Nf6 29.Rf1 Ng6 30.Qg5 Rxe2 31.Nxe2 Qxc2 32.Nf4 Nxf4 33.Nh6+ Kh8 34.Nxf7+ 
Kg8 35.Nh6+ Kh8 36.Nf7+ Kg8 37.Nh6+ Kh8 1/2-1/2